Music Quiz

Random Music or Artist Quiz

Not-So-Easy Name the Lyrics Quiz Stats

Quiz not verified by Sporcle

Challenge
Share
Tweet
Embed
Score 0/20 Timer 05:00
0 Plays Today
Lyric Song % Correct
She left me roses by the stairs. Surprises let me know she cares.All the Small Things
65%
Watch what you say or they'll be calling you a radical.Logical Song
50%
The representative from California has the floor.Holiday
45%
He was born a pauper to a pawn on a Christmas Day, when the New York Times said God is dead and the war's begun.Levon
40%
He said, 'you don't need no strength, you need to grow up, son.'Authority Song
35%
But if I have to cry to keep you, I don't mind weepin' if it will keep you by my side.Ain't Too Proud to Beg
35%
Tougher than diamonds, whips like cream. Stronger and harder than a bad girl's dream.Power of Love
30%
Both dirty, both mean. Yes and the dreams were just the same.Romeo and Juliet
30%
With all the power you're releasing, it isn't safe to walk the city streets alone.Take Me Home Tonight
25%
Hello, Samantha dear. I hope you're feeling fine.Callin Baton Rouge
25%
Lyric Song % Correct
Alarmed by the seduction, I wish that it would stop.Tempted
20%
I got a hole in me now. Yeah I got a scar I can talk about.Bright Lights
20%
And your papa says he knows that I don't have any money.Rosalita
20%
Can I make it? Damn right. I'll be on the next flight.Ride Wit Me
20%
Well it's the same room but everything's different.Weather With You
20%
But I can't back down now because I've pushed the other guys too far.Don't Worry Baby
20%
He adores the girl next door 'cause he's trying to get at her.A Well Respected Man
20%
You are the reason I've been waiting all these years.Can't Find My Way Home
15%
I'll make it to the moon if I have to crawl.Scar Tissue
15%
Michelle, Lady Jane...yeah I fell in love with girls I never knew.Raised on the Radio
10%

You're not logged in!

Compare scores with friends on all Sporcle quizzes.
Join for Free
OR
Log In

You Might Also Like...

Show Comments

Extras

Created Dec 22, 2011ReportNominate
Tags:Artist Quiz, male

Top Quizzes Today


Score Distribution

Your Account Isn't Verified!

In order to create a playlist on Sporcle, you need to verify the email address you used during registration. Go to your Sporcle Settings to finish the process.

Report this User

Report this user for behavior that violates our Community Guidelines.

Details: